000 00392nam a22001697a 4500
003 MPLRDC
005 20220104143538.0
008 210129b ||||| |||| 00| 0 eng d
082 _a848.2 GLH-27
100 _a郭良蕙著
245 _a加尔各答的陌生客
_c
250 _a初版
260 _a
_b汉麟出版社
_c1978
300 _b
650 _a
942 _cBK
_o848.2 GLH-27
999 _c40976
_d40966